000 00605nam a2200241Ia 4500
001 34308
005 20240114001723.0
007 ta
008 070215s a g b000 u asm u
040 _aCotton College,Assam
041 _aasm
082 _a920.7
_bJ 348 A
100 _aAli, Ibrahim .
245 0 _aHerem Kunwari /
_cIbrahim Ali.
_hTextual Documents
250 _a1st ed. /
260 _aTezpur :
_bB.R.Kalita & Co. ,
_cNd.
300 _a32p. :
_bill ;
_c18cm .
653 _aBiography
653 _aG-Biography
942 _2ddc
_cBK
999 _c34290
_d34290